| 000 | 00665nam a2200229Ia 4500 | ||
|---|---|---|---|
| 005 | 20260430150009.0 | ||
| 008 | 008 250103s9999 xx 000 0 eng d | ||
| 037 | _aTheses | ||
| 040 | _aCRL | ||
| 040 | _beng | ||
| 040 | _ceng | ||
| 041 | _2eng | ||
| 041 | _aeng | ||
| 084 | _qCRL | ||
| 100 |
_aMukherjee Krshnamurari Au.; Acharya Ashok Gu. _91236151 |
||
| 245 | 0 | _aDevelopment as a Fair Deal: Analyzing India's Development Politics from the Paradigm of distributive Justice | |
| 260 | _c2021 | ||
| 300 | _a354p. | ||
| 700 | _aUniversity of Delhi. Faculty of social Sciences. Deptt of Political Science | ||
| 942 | _cTH | ||
| 999 |
_c1848687 _d1848687 |
||